निवडक कविता गिरीश (Record no. 368824)

MARC details
000 -LEADER
fixed length control field 00347nam a2200133Ia 4500
005 - DATE AND TIME OF LATEST TRANSACTION
control field 20251013221656.0
008 - FIXED-LENGTH DATA ELEMENTS--GENERAL INFORMATION
fixed length control field 251010s9999 xx 000 0 und d
041 ## - LANGUAGE CODE
Language code of text/sound track or separate title mar
100 ## - MAIN ENTRY--PERSONAL NAME
Personal name कानेटकर व.
9 (RLIN) 214532
245 ## - TITLE STATEMENT
Title निवडक कविता गिरीश
250 ## - EDITION STATEMENT
Edition statement 1ST
260 ## - PUBLICATION, DISTRIBUTION, ETC. (IMPRINT)
Name of publisher, distributor, etc. Indrayani
Date of publication, distribution, etc. 1993
300 ## - PHYSICAL DESCRIPTION
Extent 141
Holdings
Withdrawn status Lost status Damaged status Not for loan Home library Current library Date acquired Cost, normal purchase price Bill number Total Checkouts Barcode Date last seen Bill Date Koha item type Original Barcode
        Shri Siddhivinayak Mahila Mahavidyalaya Shri Siddhivinayak Mahila Mahavidyalaya 16/05/2014 60.00 282   SSMM-ABK-010000828 13/10/2025 12/02/1997 Books ABK010000828